| 000 | 01329nam a2200373 a 4500 | ||
|---|---|---|---|
| 001 | dia_5542 | ||
| 003 | CHAP | ||
| 005 | 20240201115215.0 | ||
| 007 | ta | ||
| 008 | 220117s1993 mx a f 001 0 spa d | ||
| 040 |
_cCHAP _amxchpua |
||
| 090 |
_aT.C.155 _bP66 ETIPA _c1993 |
||
| 245 | 1 | 0 |
_aSolución de casos en ingeniería y administración agroindustrial / _ccoordinador Pedro Ponce Hernández ; colaborador Julia Alejandro Fernández...[et al.] |
| 260 |
_aMéxico : _bEl Autor, _c1993 |
||
| 300 |
_a19 hojas : _bilustraciones, tablas |
||
| 336 |
_2rdacontent _atexto _btxt |
||
| 337 |
_2rdamedia _asin medio _bn |
||
| 338 |
_2rdacarrier _avolumen _bnc |
||
| 500 | _aGrado : 7° año | ||
| 502 |
_aViaje de Estudios _b(ETIPA) -- _cUACh. Departamento de Ingeniería Agroindustrial, _d1993 |
||
| 504 | _aBibliografía : hoja 19 | ||
| 650 | 1 | 3 |
_aCarne de res _919190 |
| 650 | 1 | 3 |
_aIndustria del ganado y de la carne _9147937 |
| 650 | 1 | 3 |
_aBeef _9147684 |
| 650 | 1 | 3 |
_aLivestock and meat industry _9147938 |
| 700 | 1 |
_aAlejandro Fernández, Julia _93748 _ecolaborador |
|
| 700 | 1 |
_aPonce Hernández, Pedro _9147918 _ecoordinador |
|
| 901 | _aT.C.155 P66 ETIPA 1993 | ||
| 902 | _aM | ||
| 905 | _a5332271993 mx n 8223123322spa16 | ||
| 942 | _2local | ||
| 942 | _cVE | ||
| 999 |
_c176483 _d176483 |
||